00270nam a2200109 a 450000500170000000800410001705000170005810000180007524500290009326000320012244000060015420140414131924.0101026s19uu xx 00 eng d aERbT41 1997 aKeay, Kenneth aThree billy goats gruff. bAnker International,c1997. a